Určenie rovnovážnej produkcie, multiplikátor

Keynesovský model určenia rovnovážnej produkcie agregátnymi výdavkami. Určenie rovnovážnej produkcie v dvojsektorovom modeli.

Na minha lista:
Detalhes bibliográficos
Autor principal: Jurga, Rastislav
Formato: Capítulo de Livro
Idioma:eslovaco
Assuntos:
Tags: Adicionar Tag
Sem tags, seja o primeiro a adicionar uma tag!

MARC

LEADER 00000nla a2200000 4500
001 0196060
005 20240502073314.2
041 0 |a slo 
044 |a SK 
245 1 0 |a Určenie rovnovážnej produkcie, multiplikátor  |c Rastislav Jurga 
520 |a Keynesovský model určenia rovnovážnej produkcie agregátnymi výdavkami. Určenie rovnovážnej produkcie v dvojsektorovom modeli. 
610 2 0 |a multiplikátor 
610 2 0 |a rovnováha hospodárska 
610 2 0 |a produkt rovnovážny 
610 2 0 |a produkcia 
610 2 0 |a dôchodok národný 
610 2 0 |a modely dvojsektorové 
610 2 0 |a spotreba 
610 2 0 |a úspory 
610 2 0 |a domácnosti 
610 2 0 |a firmy 
100 1 |a Jurga, Rastislav